000 01724cam a22004814i 4500
003 PE-LiUPU
005 20250731173032.0
008 150623s r 000 0 d
020 _a0802413927
035 _a(Sirsi) i9780802413925
040 _aPE-LiUPU
_bspa
_cPE-LiUPU
_erda
049 _aPRUA
082 0 4 _a296.437
_bR84
_221
100 1 _aRosen, Ceil,
_eautor.
245 1 0 _aCrist in the passover /
_cCeli Rosen.
264 1 _aChicago :
_bMoody Press,
_c1978.
300 _a112 páginas :
_bilustraciones fotos, cuadros ;
_c22 centímetros
336 _atext
_2rdacontent
337 _aunmediated
_2rdamedia
338 _avolume
_2rdacarrier
500 _aContiene: Glosario p. 104-109.
504 _aIncluye bibliografía.
505 0 _aWhy passover? -the egyptian passover. -Passover, God's object lesson. -A night to be much observed. -Passover in the time of Christ. -The ancient seder and the last supper. -The contemporary passover. -The modern seder. -The fifth question. -Come to the feast.
526 _aSEG42
526 _aSEG41
526 _aSEG40
526 _aSEG39
526 _aP94
526 _aP87
526 _aP86
526 _aP85
526 _aP77
526 _aP76
526 _aP35
650 0 4 _aPascua judía.
700 1 _aRosen, Moishe.
942 _2ddc
_cBOOK
949 _a296.437 R84
_wDEWEY
_c1
_i48176
_lCCODEBUL1
_mBUL
_r0
_sY
_tBOOK
_u2015-6-24
_xTEOLOGIA
_PP35
_0COMPRA
_o.STAFF. Colección General
994 _aC0
_bPEPRU
596 _a1
999 _a296.437 R84
_wDEWEY
_c25152
_i48176
_f2021-11-12
_g5
_lCCODEBUL1
_mBUL
_r0
_sY
_tBOOK
_u2015-6-24
_xTEOLOGIA
_PP35
_0COMPRA
_o.STAFF. Colección General
_d25152
980 _81
_gALBERTO SANCHEZ Responsable de Automatización